Tallest Buildings - Statistics

General Stats
  • This quiz has been taken 11 times
  • The average score is 11 of 25
Answer Stats
Hint Height Answer % Correct
1) Famous New York skyscraperbuilt in 1931 1454' Empire State Building
100%
3) Currently the tallest in the world, located in Dubai 2717' Burj Khalifa
90%
2) An icon of Paris, it was the tallestin the world from 1889-1930 1038' Eiffel Tower
90%
19) This iconic radio tower in Toronto is the tallestfree standing structure in Canada 1815' CN
70%
4) AKA One World Trade Center, its height representsthe founding date of American independence 1776' Freedom Tower
70%
11) Famous white obelisk in DC dedicatedto Americas first president 558' Washington Monument
70%
5) Also called the Sears Tower, it overlooks Lake Michigan in downtown Chicago 1451' Willis Tower
70%
7) Also called the Twin Towers, both were attacked on 9/11/2001 in New York 1368' World Trade Center
70%
10) Famous curved observation tower inSt Louis 630' Gateway Arch
60%
20) Iconic Seattle observation tower overlookingthe city and Mt Rainier 605' Space Needle
60%
12) This London skyscraper is the tallest in the UK and Western Europe 1016' Shard
50%
13) Bamboo inspired observation tower inTaiwans capital 1667' Taipei 101
50%
6) Pair of connected skyscrapers inKuala Lumpur, Malaysia 1483' Petronas Towers
40%
25) Iconic NY building famous for its Art Deco style 1046' Chrysler Building
30%
21) At over 550 feet, it is the tallest church on Earth,located in Barcelona, Spain 556' Sagrada Familia
30%
17) Located on billionaires row in NY, it is the tallestresidential building in the world 1550' Central Park Tower
20%
18) This St Petersburg tower is the tallest in Europeand the worlds northernmost skyscraper 1516' Lakhta Center
20%
16) Tallest building in Seoul as well as South Korea 1819' Lotte World Tower
20%
15) Located in Kuala Lumpur, this buildingis the worlds 2nd tallest and the tallest in SE Asia 2227' Merdeka 118
20%
9) Iconic TV tower located in Shanghai 1535' Oriental Pearl
20%
8) Located in Gold Coast, Queensland, it isthe tallest tower in Australia 1058' Q1
20%
14) Located in Chinas financial capital, it is the worlds 3rd tallest building 2073' Shanghai Tower
20%
23) This Jakarta skyscraper is the highest in Indonesiaas well as the Southern Hemisphere 1256' Autograph Tower
10%
24) Located in Santiago, Chile, this skyscraper is thetallest in South America 980' Gran Torre Costanera
10%
22) This skyscraper in Cairo is the tallest in Africa 1292' Iconic Tower
10%
No matching quizzes found
Score Distribution
Percent of People with Each Score
Percentile by Number Answered
Your Score History
You have not taken this quiz